|
|
|
|
| LEADER |
01127nam a2200325 4500 |
| 001 |
DLU110126513 |
| 005 |
##20111012 |
| 040 |
# |
# |
|a DLU
|b vie
|
| 041 |
# |
# |
|a vie
|
| 044 |
# |
# |
|a vn
|
| 082 |
# |
# |
|a 339
|b PH-C
|
| 100 |
# |
# |
|a Phạm Chung.
|
| 245 |
# |
# |
|a Kinh tế vĩ mô phân tích /
|c Phạm Chung, Trần Văn Hùng.
|
| 260 |
# |
# |
|a TP. HCM :
|b Đại học Quốc gia,
|c 2011.
|
| 300 |
# |
# |
|a 466 tr. ;
|c 24 cm.
|
| 504 |
# |
# |
|a Tài liệu tham khảo: tr.450.
|
| 505 |
# |
# |
|a Phần I. Mở đầu và đo lường -- Phần II. Sản lượng, lãi suất, tiền tệ và hàm số chi tiêu khu vực -- Phần III. Tổng cầu, tổng cung, mức giá, sản lượng và nhân dụng -- Phần IV. Lạm phát và thất nghiệp -- Phần V. Chính sách kinh tế vĩ mô -- Phần VI. Tăng trưởng kinh tế.
|
| 650 |
# |
# |
|a Kinh tế vĩ mô.
|
| 700 |
# |
# |
|a Trần Văn Hùng.
|
| 923 |
# |
# |
|a 16/2011
|
| 991 |
# |
# |
|a GT
|
| 992 |
# |
# |
|a 80000
|
| 994 |
# |
# |
|a DLU
|
| 900 |
# |
# |
|a True
|
| 911 |
# |
# |
|a Đào Thị Thu Huyền
|
| 925 |
# |
# |
|a G
|
| 926 |
# |
# |
|a A
|
| 927 |
# |
# |
|a SH
|
| 980 |
# |
# |
|a Thư viện Trường Đại học Đà Lạt
|